| 000 | 01018nam a2200289Ia 4500 | ||
|---|---|---|---|
| 003 | CO-BoRNBP | ||
| 005 | 20250605092705.0 | ||
| 007 | ta | ||
| 008 | 180109s9999 xx 000 0 und d | ||
| 020 | _a9788416711222 | ||
| 040 |
_aCO-BoRNBP _bspa _erda _cCO-BoRNBP |
||
| 041 | _aspa | ||
| 084 | _aH MOR37 | ||
| 100 | 1 |
_aMorrison, Grant, 1960- _959664 |
|
| 245 | 1 | 0 |
_aBatman : _bgótico / _cGrant Morrison ; traducción Felip Tobar Pastor. |
| 250 | _a1a. edición | ||
| 264 | 1 |
_aBarcelona : _bECC Ediciones;2016 |
|
| 300 |
_a[110] páginas : _bilustraciones en color ; _c26 cm |
||
| 336 |
_atexto _btxt _2rdacontent |
||
| 337 |
_asin mediación _bn _2rdamedia |
||
| 338 |
_avolumen _bnc _2rdacarrier |
||
| 490 | 0 | _aGrandes autores de Batman | |
| 505 | 0 | _aEl hombre sin sombra El buque de la muerte La monja en llamas El relato del verdugo Walpurgisnacht Danza macabra. | |
| 650 | 0 | 0 |
_aTiras Càmicas, Historietas, Etc _2LEMB _959665 |
| 700 | 1 |
_aTobar Pastor, Felip, 1975- , traductor _959666 |
|
| 942 |
_2loc _cBK |
||
| 999 |
_c57161 _d57161 |
||